000 00534nam a2200181Ia 4500
008 151202s9999||||xx |||||||||||||| ||und||
082 _bPNVM-27221
100 _aकाकोडकर चंद्रकांत.
245 _aहेमांगी.
260 _b---
260 _c0
300 _a0
600 _aकाकोडकर चंद्रकांत.
630 _aहेमांगी.
700 _aकाकोडकर चंद्रकांत.
730 _aहेमांगी.
942 _cBOOK
999 _c1293190
_d1293187